Qui est-ce ? Personnage de fiction - Statistiques

Statistiques générales
  • Ce quiz a été pris 214 fois
    69 depuis la dernière actualisation
  • Le résultat moyen est 14 sur 25
Statistiques - réponses
Par images Réponse % Correct
Aladdin
100%
Baloo
100%
Blanche Neige
100%
Bourriquet
100%
Bowser
100%
Casper
100%
Cendrillon
100%
Colère
100%
Dory
100%
Dracaufeu
100%
Dumbo
100%
Elsa
100%
Fiona
100%
Génie
100%
Homer
100%
Javotte
100%
Jerry
100%
Jerry
100%
Jiraya
100%
Joie
100%
Kuzco
100%
Lilo
100%
Lisa
100%
Luca
100%
Luigi
100%
Manny
100%
Marge
100%
Marin
100%
Mario
100%
Mowgli
100%
Mulan
100%
Naruto
100%
Nemo
100%
Oggy
100%
Olaf
100%
Pan-Pan
100%
Pikachu
100%
Pinocchio
100%
Po
100%
Polochon
100%
Pumba
100%
Raphael
100%
Rex
100%
Sacha
100%
Sakura
100%
Shrek
100%
Sid
100%
Simba
100%
Sonic
100%
Tintin
100%
Toad
100%
Tristesse
100%
Ursula
100%
Wall E
100%
Winnie
100%
Woody
100%
Zoro
100%
Sam
89%
Bugs
88%
Eren
88%
Tigrou
88%
Grincheux
86%
Porcinet
86%
Wario
86%
Ariel
83%
Bob
83%
Bulma
83%
Buzz
83%
Donkey Kong
83%
Peach
83%
Pocahontas
83%
Raiponce
83%
Tarzan
83%
Timon
83%
Tom
83%
Clover
80%
Gargamel
80%
Gru
80%
Hercule
80%
Jasmine
80%
Maggie
80%
Milou
80%
Remy
80%
Scar
80%
Yoshi
80%
Abu
78%
Cruella
78%
Flash
78%
Pierre
78%
Bambi
75%
Belle
75%
Esmeralda
75%
Frozone
75%
Link
75%
Mewtwo
75%
Nala
75%
Nami
75%
Patrick
75%
Professeur Tournesol
75%
Quasimodo
75%
Ryuk
75%
Titi
75%
Vegeta
75%
Taz
71%
Alex
67%
Bart
67%
Bête
67%
Chopper
67%
Denver
67%
Doc
67%
Donatello
67%
Ego
67%
Gepetto
67%
Gloria
67%
Hades
67%
Jane
67%
Kirby
67%
Luffy
67%
Phineas
67%
Speedy
67%
Stitch
67%
Volt
67%
Zigzag
67%
Edna
63%
Baki
60%
Eve
60%
Goku
60%
Leonardo
60%
Perry
60%
Sully
60%
Hisoka
57%
Mushu
56%
Sasuke
55%
Anastasie
50%
Âne
50%
Axel
50%
Bip Bip
50%
Daffy
50%
Diego
50%
Elastigirl
50%
Felix
50%
Ferb
50%
Freezer
50%
Gary
50%
Gon
50%
Hei-hei
50%
Itachi
50%
Jafar
50%
Lumière
50%
Ondine
50%
Saitama
50%
Sam
50%
Tantor
50%
Tao
50%
Vanellope
50%
Violette
50%
Waluigi
50%
Zia
50%
Carlo
43%
Daisy
43%
Fleur
43%
Kirua
43%
Miguel
43%
Riley
43%
Steve
43%
Vaiana
43%
Akashi
40%
Capitaine Haddock
40%
Flynn
40%
Jude
40%
Leon
40%
Melman
40%
Polly
40%
Sally
40%
Woody Woodpecker
40%
Carl
38%
Kise
38%
Pascal
38%
Alex
33%
Aomine
33%
Candice
33%
Esteban
33%
Jack Jack
33%
Ken
33%
Koda
33%
Linguini
33%
Lord Farquaad
33%
Martin
33%
Marty
33%
Merida
33%
Mufasa
33%
Ralph
33%
Ryu
33%
Shanks
33%
Shere Khan
33%
Sid
33%
Trevor
33%
Gaara
29%
Colt
25%
Ernesto de la cruz
25%
Flèche
25%
Franklin
25%
Light
25%
Shifu
25%
Sylvestre
25%
Syndrome
25%
Blue
22%
Michelangelo
22%
Colette
20%
Harold
20%
Kaa
20%
Meruem
20%
Nick
20%
Shadow
20%
Shan Yu
20%
Kakashi
17%
Kuroko
17%
Oscar
17%
Silver
17%
Blanka
14%
Kenai
14%
Maitre Splinter
14%
Maui
14%
Midorima
14%
Mark
13%
Agnès
0%
Alberto
0%
Anna
0%
Astrid
0%
Bagheera
0%
Bouh
0%
Bruce
0%
Chick Hicks
0%
Coyote
0%
Dr Eggman
0%
Ellie
0%
Emile
0%
Etno
0%
Frank
0%
Grand Schtroumpf
0%
Isabella
0%
Kagami
0%
Kerchak
0%
Knuckles
0%
Kurapika
0%
Lenny
0%
Linda
0%
Mama coco
0%
Michael
0%
Mirabelle
0%
Murasakibara
0%
Perla
0%
Poco
0%
Russel
0%
Terk
0%
Tulio
0%
Ussopp
0%
Aucun quiz correspondant
Distribution des résultats
% des personnes avec chaque résultat
Percentile par nombre de réponses
Votre historique - résultats
Vous n’avez pas pris ce quiz depuis la dernière actualisation